Normal view
MARC view
Entry Personal Name
001 - CONTROL NUMBER
- control field: 17894
003 - CONTROL NUMBER IDENTIFIER
- control field: BD-RjUL
005 - DATE AND TIME OF LATEST TRANSACTION
- control field: 20260330104808.0
008 - FIXED-LENGTH DATA ELEMENTS
- fixed length control field: 260330|| aca||aabn | a|a d
040 ## - CATALOGING SOURCE
- Original cataloging agency: BD-RjUL
- Transcribing agency: BD-RjUL
100 ## - HEADING--PERSONAL NAME
- Personal name: Suri, Abhinav
670 ## - SOURCE DATA FOUND
- Source citation: Work cat.: (BD-RjUL)86264: Suri, Abhinav , Practical AI for healthcare professionals : , 2022